000 00824nam a2200229Ia 4500
003 OSt
005 20250627111506.0
008 191128s2004 ck er 000 f spa d
020 _a9586169065
040 _aCO-JMCR
_cCO-JMCR
041 _aspa
082 0 4 _aA-P
_bCOTa
100 1 _aCote Lemus , Eduardo,
_d1928 - 1964
_eAutor
_98761
245 1 0 _aAntología /
_cEduardo Cote Lemus
250 _aUniversidad Externado de Colombia
260 _aBogotá :
_bUniversidad Externado de Colombia,
_c2004
300 _a75 páginas ;
_c15 cm.
490 0 _aUn libro por centavos
520 _amás que magistral, la poesía de Cotes es pertinente. Es una voz viva que sigue hablando desde el presente y para el presente sin que en nada haya atenuado su urgente contanporaneidad.
650 1 4 _aPoesía
_98762
942 _2ddc
_cBK
999 _c3463
_d3463